Types of religious experience, Christian and non-Christian /

Bibliographic Details
Main Author: Wach, Joachim, 1898-1955
Format: Book
Language:English
Published: London : Routledge and Kegan Paul, 1951.
Subjects:

MARC

Tag First Indicator Second Indicator Subfields
LEADER 00000cam a2200000 i 4500
001 in00000060958
005 20151008051049.0
008 760426s1951 enk b 00100 eng d
035 |a (OCoLC)02138699 
035 |9 AAG5427AM 
040 |a YOM  |c YOM  |d TXA  |d UtOrBLW 
049 |a TXAM  |c [342208] 
090 |a BL48  |b .W3 1951 
092 |a 201  |b W113t 
100 1 |a Wach, Joachim,  |d 1898-1955. 
245 1 0 |a Types of religious experience, Christian and non-Christian /  |c by Joachim Wach. 
264 1 |a London :  |b Routledge and Kegan Paul,  |c 1951. 
300 |a xvi, 275 pages ;  |c 23 cm. 
336 |a text  |b txt  |2 rdacontent 
337 |a unmediated  |b n  |2 rdamedia 
338 |a volume  |b nc  |2 rdacarrier 
504 |a Bibliographical references included in "Notes" (pages 232-272). 
505 0 |a The place of the history of religions in the study of theology.--Universals in religion.--The concept of the "classical" in the study of religions.--The idea of man in the Near Eastern religions.--Spiritual teachings in Islam with special reference to al-Hujwiri.--The study of Mahayana Buddhism.--Caspar Schwenckfeld: a pupil and a teacher in the school of Christ.--The role of religion in the social philosophy of Alexis de Tocqueville.--Church, denomination and sect.--Rudolf Otto and The idea of the holy. 
650 0 |a Religions. 
650 0 |a Philosophy and religion. 
650 0 |a Psychology, Religious. 
999 |a MARS 
999 f f |s d7126649-58f0-3f86-bd56-6fdb283969bf  |i 0e1a051e-c5f6-3f64-9c0b-dcad6042b9f1  |t 0 
952 f f |p ric  |a Texas A&M University  |b Rellis Campus  |c Joint Library Facility  |d Remote Storage  |t 0  |e BL48 .W3 1951  |h Library of Congress classification  |i unmediated -- volume  |m A14800598547 
998 f f |a BL48 .W3 1951  |t 0  |l Remote Storage